000
00283nam a22001217a 4500
008
170605b xxu||||| |||| 00| 0 eng d
041
_a
eng
080
_a
94
100
_a
18
101
_a
SHH
245
_a
WESTERN SOCIETES A DOKUMENTARY HISTORY
_c
TIERNEY.B
942
_2
udc
_c
BK
999
_c
15878
_d
15878